Residential Remodeling and Renovation: Completing the Exterior and Interior of Your Home / (Record no. 615710)

000 -LEADER
fixed length control field 00433nam a22001337a 4500
020 ## - INTERNATIONAL STANDARD BOOK NUMBER
Qualifying information HB.
040 ## - CATALOGING SOURCE
Transcribing agency FIZZA ISHAQ
082 ## - DEWEY DECIMAL CLASSIFICATION NUMBER
Classification number 690
Author Mark FRE
100 ## - MAIN ENTRY--PERSONAL NAME
Personal name Uhlen Hop, Frederick.
9 (RLIN) 132599
245 ## - TITLE STATEMENT
Title Residential Remodeling and Renovation: Completing the Exterior and Interior of Your Home /
Statement of responsibility, etc. Frederick Uhlen Hop.
260 ## - PUBLICATION, DISTRIBUTION, ETC.
Place of publication, distribution, etc. New Jersey:
Name of publisher, distributor, etc. Prentice Hall,
Date of publication, distribution, etc. 1988.
300 ## - PHYSICAL DESCRIPTION
Extent 228 P. ;
Dimensions 7.5 x 0.75 x 9.75 inches
942 ## - ADDED ENTRY ELEMENTS (KOHA)
Source of classification or shelving scheme
Koha item type Book
Holdings
Withdrawn status Lost status Source of classification or shelving scheme Damaged status Not for loan Permanent Location Current Location Date acquired Total Checkouts Full call number Barcode Date last seen Price effective from Koha item type
          NUST Baluchistan Campus (NBC) NUST Baluchistan Campus (NBC) 12/29/2025   690 FRE Q-2401 12/29/2025 12/29/2025 Book
© 2023 Central Library, National University of Sciences and Technology. All Rights Reserved.